Vývoj obyvateľstva v Trnavskom kraji ...

Bibliographic Details
Main Authors: Vadovičová, Alena, Nemlaha, Dušan (Author)
Format: Serial
Language:Slovak
PhysicalDescription:zv. grafy, mapy, tab. 30 cm
Published: Trnava Štatistický úrad Slovenskej republiky - pracovisko ŠÚ v Trnave
ISBN:9788081210143
9788081210853
9788081211683
Series:Demografia a sociálna štatistika
Subjects:

MARC

LEADER 00000cas a2200000 a 4500
001 vtls010177763
003 SK-MaSNL
005 20260228160329.0
008 180801c200u9999xo ar| s 000 b0slo
015 |a SNBB2016-(r. 2009, r. 2010, r. 2011) 
020 |a 9788081210143  |q (brož. : r. 2009) 
020 |a 9788081210853  |q (brož. : r. 2010) 
020 |a 9788081211683  |q (brož. : r. 2011) 
040 |a SVKBB  |b slo  |c SVKBB  |d SNK  |e AACR2 
041 0 |a slo 
043 |a e-xo--- 
044 |a xo  |c SK 
072 7 |a 314  |x Demografia. Populácia  |2 konspekt 
080 |a 314  |2 2001 
080 |a 314.116  |2 2001 
080 |a (083.41)  |2 2001 
080 |a (058)  |2 2001 
080 |a (437.612)  |2 2011 
100 |a Vadovičová, Alena  |9 266425 
245 1 0 |a Vývoj obyvateľstva v Trnavskom kraji ... 
260 |a Trnava  |b Štatistický úrad Slovenskej republiky - pracovisko ŠÚ v Trnave 
300 |a zv.  |b grafy, mapy, tab.  |c 30 cm 
310 |a 1x ročne 
490 1 |a Demografia a sociálna štatistika 
500 |a Autori publikácie: 2009, 2011, Alena Vadovičová, Dušan Nemlaha ; 2010, Alena Vadovičová 
500 |a Popis podľa: r. 2009 (vydané v r. 2010) 
500 |a Súčasťou názvu je označenie roku 
650 0 7 |a obyvateľstvo  |2 SNKPH  |9 4654 
650 0 7 |a demografický vývoj  |2 SNKPH  |9 3826 
650 0 7 |a Population  |2 SNKPHeng  |9 265816 
650 0 7 |a Demographic transition  |2 SNKPHeng  |9 265579 
651 7 |a Trnavský kraj (Slovensko)  |2 SNKPH  |9 161509 
651 7 |a Trnavský kraj (Slovensko)  |2 SNKPHeng  |9 161509 
655 7 |a štatistiky  |2 SNKPH  |9 70182 
655 7 |a Statistics  |2 SNKPHeng  |9 265580 
655 7 |a ročenky  |2 SNKPH  |9 57146 
655 7 |a Yearbooks  |2 SNKPHeng  |9 120938 
700 1 |a Nemlaha, Dušan  |4 aut  |9 266426 
830 0 |a Demografia a sociálna štatistika  |9 266420 
852 |a Štátna vedecká knižnica v Banskej Bystrici 
910 |a svkbb 
910 |a snk 
919 |a 978-80-8121-014-3 
919 |a 978-80-8121-085-3 
919 |a 978-80-8121-168-3 
999 |c 2172  |d 4102 
952 |0 0  |1 0  |4 0  |7 0  |8 0  |a SNK  |b SNK  |d 2016-02-24  |i snk2016/5344  |l 0  |o snkČSB 6092/2009  |p 17A0672765  |r 2026-02-21 22:02:20  |w 2026-02-21  |y PREZ 
952 |0 0  |1 0  |4 0  |7 0  |8 0  |a SNK  |b SNK  |d 2016-02-24  |i snk2016/5348  |l 0  |o snkČSB 6092/2009 D1  |p 17A0672766  |r 2026-02-21 22:02:20  |w 2026-02-21  |y PREZ 
952 |0 0  |1 0  |4 0  |7 0  |8 0  |a SNK  |b SNK  |d 2016-02-24  |i snk2016/5349  |l 0  |o snkČSB 6092/2010  |p 17A1098237  |r 2026-02-21 22:02:20  |w 2026-02-21  |y PREZ 
952 |0 0  |1 0  |4 0  |7 0  |8 0  |a SNK  |b SNK  |d 2016-02-24  |i snk2016/5350  |l 0  |o snkČSB 6092/2010 D1  |p 17A1098236  |r 2026-02-21 22:02:20  |w 2026-02-21  |y PREZ 
952 |0 0  |1 0  |4 0  |7 0  |8 0  |a SNK  |b SNK  |d 2016-02-24  |i snk2016/5351  |l 0  |o snkČSB 6092/2011  |p 17A1057584  |r 2026-02-21 22:02:20  |w 2026-02-21  |y PREZ 
952 |0 0  |1 0  |4 0  |7 0  |8 0  |a SNK  |b SNK  |d 2016-02-24  |i snk2016/5356  |l 0  |o snkČSB 6092/2011 D1  |p 17A1057583  |r 2026-02-21 22:02:20  |w 2026-02-21  |y PREZ